<?xml version="1.0" encoding="UTF-8"?>
<record
    xmlns:xsi="http://www.w3.org/2001/XMLSchema-instance"
    xsi:schemaLocation="http://www.loc.gov/MARC21/slim http://www.loc.gov/standards/marcxml/schema/MARC21slim.xsd"
    xmlns="http://www.loc.gov/MARC21/slim">

  <leader>01279nam a2200229Ia 4500</leader>
  <datafield tag="999" ind1=" " ind2=" ">
    <subfield code="c">43699</subfield>
    <subfield code="d">43699</subfield>
  </datafield>
  <controlfield tag="001">10439</controlfield>
  <controlfield tag="003">GE_BSU</controlfield>
  <controlfield tag="005">20240613105229.0</controlfield>
  <controlfield tag="008">181216s2014||||ge |||||||||||||| ||geo||</controlfield>
  <datafield tag="020" ind1=" " ind2=" ">
    <subfield code="a">9789994021055</subfield>
  </datafield>
  <datafield tag="040" ind1=" " ind2=" ">
    <subfield code="c">GE_BSU</subfield>
  </datafield>
  <datafield tag="041" ind1=" " ind2=" ">
    <subfield code="a">geo</subfield>
  </datafield>
  <datafield tag="080" ind1=" " ind2=" ">
    <subfield code="a">821.133.1-1 &#x10D3;&#x2013;40</subfield>
  </datafield>
  <datafield tag="245" ind1=" " ind2=" ">
    <subfield code="a">&#x10DE;&#x10DD;&#x10DA; &#x10D5;&#x10D4;&#x10E0;&#x10DA;&#x10D4;&#x10DC;&#x10D8; &#x10D3;&#x10D0; &#x10E1;&#x10EE;&#x10D5;&#x10D0; &#x10E4;&#x10E0;&#x10D0;&#x10DC;&#x10D2;&#x10D8; &#x10E1;&#x10D8;&#x10DB;&#x10D1;&#x10DD;&#x10DA;&#x10D8;&#x10E1;&#x10E2;&#x10D4;&#x10D1;&#x10D8; = Paul Verlaine at les autres symbolistes Francais /  </subfield>
    <subfield code="c">&#x10E4;&#x10E0;&#x10D0;&#x10DC;&#x10D2;. &#x10D7;&#x10D0;&#x10E0;&#x10D2;&#x10DB;&#x10DC;&#x10D0; &#x10D1;&#x10D0;&#x10D3;&#x10E0;&#x10D8; &#x10D7;&#x10D4;&#x10D5;&#x10D6;&#x10D0;&#x10EB;&#x10D4;&#x10DB; ; [&#x10E0;&#x10D4;&#x10D3;. &#x10DA;&#x10D0;&#x10DA;&#x10D8; &#x10D9;&#x10DD;&#x10DC;&#x10EA;&#x10D4;&#x10DA;&#x10D8;&#x10EB;&#x10D4;].</subfield>
  </datafield>
  <datafield tag="264" ind1=" " ind2=" ">
    <subfield code="a">&#x10D1;&#x10D0;&#x10D7;&#x10E3;&#x10DB;&#x10D8; :</subfield>
    <subfield code="b">&#x10D2;&#x10D0;&#x10DB;&#x2013;&#x10D1;&#x10D0; &#x10D0;&#x10ED;&#x10D0;&#x10E0;&#x10D0;,</subfield>
    <subfield code="c">2014.</subfield>
  </datafield>
  <datafield tag="300" ind1=" " ind2=" ">
    <subfield code="a">248 &#x10D2;&#x10D5;. :</subfield>
    <subfield code="b">&#x10E4;&#x10DD;&#x10E2;. ; </subfield>
    <subfield code="c">20 &#x10E1;&#x10DB;.</subfield>
  </datafield>
  <datafield tag="500" ind1=" " ind2=" ">
    <subfield code="a">&#x10DE;&#x10D0;&#x10E0;&#x10D0;&#x10DA;. &#x10D7;&#x10D0;&#x10D5;&#x10E4;&#x10E3;&#x10E0;. &#x10E4;&#x10E0;&#x10D0;&#x10DC;&#x10D2;.</subfield>
  </datafield>
  <datafield tag="500" ind1=" " ind2=" ">
    <subfield code="a">&#x10EC;&#x10D8;&#x10D2;&#x10DC;&#x10D8; &#x10D2;&#x10D0;&#x10DB;&#x10DD;&#x10D3;&#x10D8;&#x10E1; &#x10D0;&#x10ED;&#x10D0;&#x10E0;&#x10D8;&#x10E1; &#x10D0;/&#x10E0; &#x10D2;&#x10D0;&#x10DC;&#x10D0;&#x10D7;&#x10DA;&#x10D4;&#x10D1;&#x10D8;&#x10E1;, &#x10D9;&#x10E3;&#x10DA;&#x10E2;&#x10E3;&#x10E0;&#x10D8;&#x10E1;&#x10D0; &#x10D3;&#x10D0; &#x10E1;&#x10DE;&#x10DD;&#x10E0;&#x10E2;&#x10D8;&#x10E1; &#x10E1;&#x10D0;&#x10DB;&#x10D8;&#x10DC;&#x10D8;&#x10E1;&#x10E2;&#x10E0;&#x10DD;&#x10E1; &#x10DB;&#x10EE;&#x10D0;&#x10E0;&#x10D3;&#x10D0;&#x10ED;&#x10D4;&#x10E0;&#x10D8;&#x10D7;</subfield>
  </datafield>
  <datafield tag="653" ind1=" " ind2=" ">
    <subfield code="a">&#x10DE;&#x10DD;&#x10DA; &#x10D5;&#x10D4;&#x10E0;&#x10DA;&#x10D4;&#x10DC;&#x10D8; &#x10D3;&#x10D0; &#x10E1;&#x10EE;&#x10D5;&#x10D0; &#x10E4;&#x10E0;&#x10D0;&#x10DC;&#x10D2;&#x10D8; &#x10E1;&#x10D8;&#x10DB;&#x10D1;&#x10DD;&#x10DA;&#x10D8;&#x10E1;&#x10E2;&#x10D4;&#x10D1;&#x10D8;</subfield>
  </datafield>
  <datafield tag="700" ind1=" " ind2=" ">
    <subfield code="a">&#x10D5;&#x10D4;&#x10E0;&#x10DA;&#x10D4;&#x10DC;&#x10D8;, &#x10DE;. (&#x10DE;&#x10DD;&#x10DA;)</subfield>
    <subfield code="e"> &#x10D0;&#x10D5;&#x10E2;&#x10DD;&#x10E0;&#x10D8;</subfield>
    <subfield code="9">22412</subfield>
  </datafield>
  <datafield tag="942" ind1=" " ind2=" ">
    <subfield code="c">BK</subfield>
    <subfield code="2">udc</subfield>
  </datafield>
  <datafield tag="952" ind1=" " ind2=" ">
    <subfield code="0">0</subfield>
    <subfield code="1">0</subfield>
    <subfield code="2">udc</subfield>
    <subfield code="4">0</subfield>
    <subfield code="6">82113311_&#x10D3;40</subfield>
    <subfield code="7">0</subfield>
    <subfield code="9">55365</subfield>
    <subfield code="a">CPL</subfield>
    <subfield code="b">CPL</subfield>
    <subfield code="c">GEN</subfield>
    <subfield code="d">2018-12-17</subfield>
    <subfield code="o">821.133.1-1 &#x10D3;&#x2013;40</subfield>
    <subfield code="p">26867</subfield>
    <subfield code="r">2018-12-17</subfield>
    <subfield code="t">26867</subfield>
    <subfield code="w">2018-12-17</subfield>
    <subfield code="y">BK</subfield>
  </datafield>
</record>
